| 000 | 00982nam a2200301 i 4500 | ||
|---|---|---|---|
| 003 | EG-GICUC | ||
| 005 | 20260408173445.0 | ||
| 008 | 260408s1972 ||| |||fr|||| 00| 0 fre d | ||
| 040 |
_aEG-GiCUC _bfre _cEG-GiCUC _dEG-GiCUC _eRda |
||
| 082 | 0 | 4 |
_221 _a343.37 _bBE . M |
| 092 | 0 | 4 | _221 |
| 099 | _aLaw1 10 343.37 BE . M 1972 | ||
| 100 | 1 |
_aBekaert, Hermann _eAuteur |
|
| 245 | 1 | 3 |
_aLa Manifestation De La Vérité Dans Le Procès Pénal / _cHermann Bekaert. |
| 264 | 1 |
_a[Lieu De Publication Non Précisé] : _bBruxelles Établissements Émile Bruylant, _c1972. |
|
| 264 | 3 | _aBelgique | |
| 300 |
_a368 page ; _c 24 cm. |
||
| 336 |
_2rda contenu _a texte |
||
| 337 |
_2rda medias _aOrdinateur |
||
| 338 |
_2 transporteur rda _a Ressource en ligne |
||
| 500 | _aIndex | ||
| 650 | 1 |
_aProcès Criminel _2qrmak |
|
| 650 | 1 |
_aCriminal Law1 _2qrmak |
|
| 651 | 1 | _2qrmak | |
| 856 | 4 | 0 | _uhttps://fll.law.cu.edu.eg/fulltext/bks/B10-09036.pdf |
| 905 | _a54 | ||
| 942 |
_2ddc _cBK _e21 _n0 |
||
| 999 |
_c69767 _d69767 |
||